[Event "?"]
[Site "Bern op"]
[Date "1995.??.??"]
[Round "6"]
[White "Schulze, Ulrich"]
[Black "Cramling, Pia"]
[Result "1/2-1/2"]
[WhiteElo "2400"]
[BlackElo "2520"]

1.Nf3 Nf6 2.g3 g6 3.Bg2 Bg7 4.c4 d6 5.d4 O-O 6.O-O c6 7.b3 e5 8.dxe5 dxe5
9.Ba3 Qxd1 10.Rxd1 Re8 11.Nc3 e4 12.Nd4 Nbd7 13.e3 h5 14.h3 Nf8
15.Rac1 g5 16.Bd6 Ng6 17.c5 Ne5 18.Nxe4 Nxe4 19.Bxe4 Bxh3 20.Bf5 Bxf5
21.Nxf5 Bf6 22.Bxe5 Rxe5 23.g4 hxg4 24.Nh6+ Kg7 25.Nxg4 Re7 26.Rc2 Rae8
27.Kg2 Be5 28.Nxe5 Rxe5 29.Rd7 R8e7 1/2-1/2

[Event "?"]
[Site "Bern op"]
[Date "1995.??.??"]
[Round "6"]
[White "Summermatter, Daniel"]
[Black "Gheorghiu, Florin"]
[Result "1/2-1/2"]
[WhiteElo "2345"]
[BlackElo "2475"]

1.d4 Nf6 2.Nf3 c5 3.d5 g6 4.Nc3 Bg7 5.e4 O-O 6.a4 d6 7.Be2 e6 8.O-O exd5
9.exd5 Bg4 10.Bf4 Bxf3 11.Bxf3 a6 12.Nb1 Ne8 13.c3 Nd7 14.Nd2 1/2-1/2

[Event "?"]
[Site "Bern op"]
[Date "1995.??.??"]
[Round "6"]
[White "Sutter, Oliver"]
[Black "Bellon, Juan"]
[Result "0-1"]
[WhiteElo "2310"]
[BlackElo "2480"]

1.d4 Nf6 2.Nf3 c5 3.d5 d6 4.c4 b5 5.cxb5 a6 6.e3 g6 7.Nc3 Bg7 8.a4 O-O
9.e4 Nbd7 10.Ra3 Ne8 11.Be2 Nc7 12.O-O axb5 13.Nxb5 Nxb5 14.axb5 Bb7
15.Qc2 Nb6 16.Rxa8 Qxa8 17.b4 cxb4 18.Qc7 Na4 19.Qxe7 Re8 20.Qxd6 Rxe4
21.Bd3 Bf8 22.Qf6 Bg7 23.Qd6 Bf8 24.Qf6 Re8 25.Be3 Bg7 26.Qh4 Nc3
27.d6 b3 28.Bd2 Qd8 29.Qb4 Ne4 30.Bf4 b2 31.b6 Nxd6 32.Bxd6 Re6
33.Be5 Bxe5 34.Nxe5 Rxe5 35.Bc2 Qd5 36.f3 Re2 37.Be4 Qg5 38.g3 Qh6
39.h4 Qe3+ 40.Kh1 Bxe4 0-1

[Event "?"]
[Site "Bern op"]
[Date "1995.??.??"]
[Round "7"]
[White "Almasi, Istvan"]
[Black "Culma, R"]
[Result "1-0"]
[WhiteElo "2375"]
[BlackElo "2070"]

1.e4 c5 2.Nf3 d6 3.d4 cxd4 4.Nxd4 Nf6 5.Nc3 a6 6.Bc4 e6 7.Bb3 Be7 8.f4 Nc6
9.Be3 O-O 10.Qf3 Bd7 11.O-O-O Qc7 12.g4 b5 13.g5 Ne8 14.f5 b4 15.Nce2 Na5
16.Qh5 Rc8 17.Rd2 Nxb3+ 18.axb3 Qa5 19.Kb1 exf5 20.exf5 Bxf5 21.Ng3 Bg6
22.Qg4 Nc7 23.Nc6 1-0

[Event "?"]
[Site "Bern op"]
[Date "1995.??.??"]
[Round "7"]
[White "Barkhagen, Jonas"]
[Black "Zuber, M"]
[Result "1-0"]
[WhiteElo "2400"]
[BlackElo "2065"]

1.d4 Nf6 2.c4 e6 3.Nf3 b6 4.g3 Bb7 5.Bg2 Be7 6.Nc3 d6 7.O-O O-O 8.Qc2 Nbd7
9.e4 e5 10.b3 exd4 11.Nxd4 Re8 12.Bb2 a5 13.Rad1 Bf8 14.Rfe1 Nc5
15.Nd5 Nxd5 16.exd5 Qd7 17.Rf1 g6 18.a3 Bg7 19.b4 axb4 20.axb4 Na6
21.Qb3 Re7 22.Ra1 Qg4 23.h3 Qd7 24.Ra4 Rae8 25.Nc6 Re1 26.Bxg7 Kxg7
27.c5 Nb8 28.Nxb8 Rxb8 29.c6 Bxc6 30.Qc3+ 1-0

[Event "?"]
[Site "Bern op"]
[Date "1995.??.??"]
[Round "7"]
[White "Begovac, Franja"]
[Black "Kuzmin, Gennadi"]
[Result "1/2-1/2"]
[WhiteElo "2425"]
[BlackElo "2545"]

1.d4 c5 2.d5 Nf6 3.c4 g6 4.Nc3 Bg7 5.e4 O-O 6.Nf3 d6 7.Be2 Na6 8.O-O Nc7
9.a4 a6 10.h3 Bd7 11.e5 Nfe8 12.exd6 exd6 13.Bg5 f6 14.Be3 Rb8 15.Qd2 b5
16.axb5 axb5 17.Ra7 Rf7 18.b3 Ra8 19.Rxa8 Qxa8 20.Nxb5 Nxb5 21.cxb5 Qb7
22.b4 Bxb5 23.bxc5 Bxe2 24.Qxe2 Qxd5 25.Rd1 Qc6 26.cxd6 Nxd6 27.Qa2 Bf8
28.Qd5 1/2-1/2

[Event "?"]
[Site "Bern op"]
[Date "1995.??.??"]
[Round "7"]
[White "Bellon, Juan"]
[Black "Razuvaev, Yuri"]
[Result "1/2-1/2"]
[WhiteElo "2480"]
[BlackElo "2580"]

1.d4 Nf6 2.c4 e6 3.Nf3 b6 4.Nc3 Bb7 5.Bg5 Be7 6.e3 h6 7.Bxf6 Bxf6 8.Qc2 c5
9.d5 exd5 10.cxd5 O-O 11.O-O-O d6 12.g4 Bxc3 13.bxc3 Qf6 14.Be2 Ba6
15.c4 b5 16.h4 bxc4 17.g5 Qa1+ 18.Kd2 c3+ 19.Ke1 Qb2 20.Qxb2 cxb2
21.Rb1 Bxe2 22.Kxe2 Nd7 23.Rxb2 Nb6 24.Rg1 Kh7 25.h5 Rab8 26.Nh4 hxg5
27.Rxg5 f6 28.Rg4 Nxd5 29.Rxb8 Rxb8 30.Nf5 Rb7 31.Nxd6 Rd7 32.Ne4 f5
33.Ng5+ Kh6 34.Rg1 Re7 35.Nh3 Re6 36.Kd3 Nb6 37.Nf4 Rd6+ 38.Kc3 c4
39.a3 Nd5+ 40.Nxd5 Rxd5 41.Rg6+ Kxh5 42.Rxg7 Rd3+ 43.Kb4 Rb3+
44.Kxc4 Rxa3 45.Kd5 Kh6 46.Rg2 Ra4 47.Ke5 Rg4 48.Rh2+ Kg6 49.f3 Rg1
50.Ra2 Re1 51.Rg2+ Kf7 52.Kf4 Rf1 53.Ra2 Kf6 54.Ra6+ Kf7 55.Rxa7+ Kf6
56.Ra5 Kg6 57.Rb5 Rf2 58.Rb1 Kf7 59.Rg1 Kf6 60.Rg8 Rf1 61.Rh8 Kf7
62.Rh6 Rf2 63.Rd6 Rf1 64.Rd5 Kg6 65.Rc5 Rf2 66.Rc1 Kf6 67.Kg3 Re2
68.Rc6+ Kf7 69.Rc3 Kf6 70.f4 Kg6 71.Kf3 Ra2 72.Rc6+ Kg7 1/2-1/2

[Event "?"]
[Site "Bern op"]
[Date "1995.??.??"]
[Round "7"]
[White "Chernin, Alexander"]
[Black "Zueger, Beat"]
[Result "1-0"]
[WhiteElo "2600"]
[BlackElo "2480"]

1.d4 Nf6 2.c4 g6 3.Nc3 Bg7 4.e4 d6 5.h3 O-O 6.Bg5 Na6 7.Bd3 e5 8.d5 c6
9.Nge2 cxd5 10.Nxd5 Nc5 11.Bc2 Ne6 12.Be3 Nxd5 13.cxd5 Nf4 14.Nxf4 exf4
15.Bxf4 Bxb2 16.Rb1 Qa5+ 17.Bd2 Bc3 18.Bxc3 Qxc3+ 19.Qd2 Qxd2+ 20.Kxd2 f5
21.f3 b6 22.Rbc1 fxe4 23.Bxe4 Bb7 24.h4 Rac8 25.h5 Rxc1 26.Rxc1 gxh5
27.Rh1 Kg7 28.Rxh5 h6 29.g4 Bc8 30.Ke3 Bd7 31.Rh2 Rh8 32.Kd4 Kf6
33.Ke3 Kg7 34.Rh1 Kf6 35.Kf4 Kg7 36.Kg3 Rc8 37.g5 Rh8 38.Rc1 Rc8
39.gxh6+ Kxh6 40.Rh1+ Kg5 41.Rh2 Rd8 42.Rf2 1-0

[Event "?"]
[Site "Bern op"]
[Date "1995.??.??"]
[Round "7"]
[White "Cramling, Pia"]
[Black "Breyther, Ruediger"]
[Result "0-1"]
[WhiteElo "2520"]
[BlackElo "2360"]

1.d4 Nf6 2.c4 e6 3.Nf3 b6 4.Nc3 Bb4 5.Bg5 Bb7 6.e3 Bxc3+ 7.bxc3 d6
8.Nd2 Nbd7 9.f3 Qe7 10.Bd3 h6 11.Bh4 e5 12.e4 g5 13.Bf2 Nh5 14.g3 O-O-O
15.Qa4 Kb8 16.O-O-O g4 17.fxg4 Nhf6 18.h3 exd4 19.cxd4 c5 20.d5 Ne5
21.Bc2 h5 22.g5 Nh7 23.h4 Ng4 24.Rhf1 Nf8 25.Qb3 Ng6 26.Be3 Nxe3
27.Qxe3 Bc8 28.Rf6 Ne5 29.Qc3 Bg4 30.Rdf1 Qd7 31.Bd1 Rhe8 32.Bxg4 Qxg4
33.Kc2 Re7 34.R6f5 Rde8 35.R1f4 Qe2 36.Rf2 Qg4 37.R2f4 Qe2 38.Rf2 Qg4
39.R5f4 Qd7 40.Qb3 Ka8 41.Rf1 Qh3 42.a4 Rb8 43.Rf6 Rd8 44.R1f5 Qg2
45.Rf2 Qh3 46.R2f4 Qg2 47.Rf2 Qh3 48.Rf1 Rb7 49.Rh6 Qg4 50.Qe3 Re7
51.Rf4 Qd7 52.Qb3 Ng6 53.Rf6 Qg4 54.Qf3 Qd7 55.Qb3 Qg4 56.Qf3 Qd7
57.Kb3 a6 58.Qxh5 b5 59.Qe2 bxa4+ 60.Ka2 Rb8 61.Rf1 Qe8 62.Qd3 Reb7
63.Rb1 Qe5 64.Rxb7 Rxb7 65.Qc2 Qd4 66.Nb1 Rb3 67.Na3 Ne5 68.Rxd6 Nd3
69.Rxa6+ Kb8 0-1

[Event "?"]
[Site "Bern op"]
[Date "1995.??.??"]
[Round "7"]
[White "Einwiller, Bernd"]
[Black "Arakhamia, Ketevan"]
[Result "1-0"]
[WhiteElo "2120"]
[BlackElo "2400"]

1.Nf3 Nf6 2.d4 g6 3.c4 Bg7 4.g3 O-O 5.Bg2 d6 6.O-O Nc6 7.d5 Na5 8.Nfd2 c5
9.Nc3 a6 10.Qc2 Rb8 11.Rb1 b5 12.b3 e5 13.e3 Ng4 14.h3 Nh6 15.Bb2 f5
16.f4 Qe7 17.Nd1 Bd7 18.Bc3 b4 19.Bb2 Nb7 20.Nf3 Nf7 21.Nf2 g5
22.Rbe1 Rbe8 23.g4 e4 24.Bxg7 Kxg7 25.Qb2+ Kg8 26.Nh2 h5 27.gxh5 gxf4
28.exf4 Qh4 29.Re3 Kh7 30.Nxe4 fxe4 31.Bxe4+ Rxe4 32.Rxe4 Bxh3
33.Rf2 Rg8+ 34.Kh1 Ne5 35.Re3 Nd3 36.Rxd3 Bg2+ 37.Rxg2 Qe1+ 38.Nf1 Qxf1+
39.Kh2 Rxg2+ 40.Qxg2 Qxd3 41.Qg5 Qe2+ 42.Kg3 Qe3+ 43.Kg4 Qe8 44.Qf5+ Kg7
45.Qe6 Qf8 46.h6+ Kh7 47.Qf5+ Qxf5+ 48.Kxf5 Kxh6 49.Kf6 a5 50.f5 a4
51.Ke7 axb3 52.axb3 Kg5 53.f6 Nd8 54.Kxd8 Kxf6 55.Kd7 Ke5 1-0

[Event "?"]
[Site "Bern op"]
[Date "1995.??.??"]
[Round "7"]
[White "Kaenel, Hansjuerg"]
[Black "Ilijin, Neboisa"]
[Result "0-1"]
[WhiteElo "2375"]
[BlackElo "2280"]

1.Nf3 e6 2.c4 Nf6 3.e3 c5 4.b3 d5 5.Bb2 Nc6 6.cxd5 exd5 7.Be2 Be7
8.O-O O-O 9.d4 Bg4 10.dxc5 Bxc5 11.Nc3 a6 12.Rc1 Qd6 13.h3 Be6
14.Rc2 Rad8 15.Qc1 Ba7 16.Rd1 Nb4 17.Rcd2 Rc8 18.Qa1 Rfd8 19.a3 Nc6
20.b4 Bb8 21.Kf1 b5 22.e4 d4 23.Nxb5 axb5 24.e5 Qc7 25.exf6 Bb3
26.Rc1 Bd5 27.Rxd4 Ba7 28.Rg4 g6 29.Kg1 h5 30.Rg5 Qf4 31.h4 Bxf3
32.Bxf3 Qxh4 33.Rgc5 Bxc5 34.Rxc5 Na7 35.g3 Qh3 36.Bd4 Nc6 37.Bxc6 Qg4
38.Rd5 Rxd5 39.Bxd5 Rd8 40.Bxf7+ Kxf7 41.Qa2+ Qe6 42.Qxe6+ Kxe6
43.Bb6 Rd3 44.Kg2 Kxf6 45.Kf1 Kf5 46.Ke2 Rxa3 47.f3 Rb3 48.Bc5 g5
49.Kf2 g4 50.fxg4+ hxg4 51.Bd6 Ke4 52.Ke2 0-1

[Event "?"]
[Site "Bern op"]
[Date "1995.??.??"]
[Round "7"]
[White "Kueng, Urs"]
[Black "Fejzullahu, Afrim"]
[Result "0-1"]
[WhiteElo "2070"]
[BlackElo "2265"]

1.e4 c5 2.Nf3 d6 3.d4 cxd4 4.Nxd4 Nf6 5.Nc3 g6 6.Be2 Bg7 7.O-O O-O
8.Be3 Nc6 9.Nb3 Be6 10.f4 Na5 11.Nxa5 Qxa5 12.Kh1 Rac8 13.Rb1 a6
14.Qe1 b5 15.Qf2 Rxc3 16.bxc3 Nxe4 17.Qe1 Bxc3 18.Qd1 Bxa2 19.Bd3 Bxb1
20.Bxe4 Ba2 21.f5 Bc4 22.Bd3 Bxd3 23.Qxd3 b4 24.Bh6 Bg7 25.fxg6 hxg6
26.Qc4 e6 27.Qc6 Qb5 0-1

[Event "?"]
[Site "Bern op"]
[Date "1995.??.??"]
[Round "7"]
[White "Meijers, Viesturs"]
[Black "Golubovic, Boris"]
[Result "1-0"]
[WhiteElo "2360"]
[BlackElo "2365"]

1.e4 c5 2.Nf3 e6 3.d4 cxd4 4.Nxd4 Nf6 5.Bd3 Nc6 6.Be3 d5 7.Nd2 e5
8.N4f3 Be7 9.O-O h6 10.c3 O-O 11.h3 Be6 12.Re1 a6 13.Nh2 Rc8 14.a3 Qd7
15.Rc1 b5 16.Bb1 Qb7 17.Ng4 Nxg4 18.hxg4 d4 19.cxd4 exd4 20.Bf4 Rfd8
21.Bd3 Bg5 22.Bxg5 hxg5 23.e5 Qb8 24.Qe2 Na5 25.Rxc8 Qxc8 26.f3 Nc4
27.Ne4 Re8 28.b3 Ne3 29.Nd6 Qd8 30.Qb2 Re7 31.Qxd4 Nd5 32.g3 Rc7
33.Kg2 Ne7 34.Rh1 Ng6 35.Bxg6 fxg6 36.Rh8+ 1-0

[Event "?"]
[Site "Bern op"]
[Date "1995.??.??"]
[Round "7"]
[White "Mikavica, Mirko"]
[Black "Milov, Leonid"]
[Result "0-1"]
[WhiteElo "2270"]
[BlackElo "2525"]

1.d4 d5 2.c4 c6 3.e3 e6 4.a3 f5 5.Nf3 Nf6 6.Nc3 Bd6 7.Be2 Nbd7 8.cxd5 exd5
9.g3 O-O 10.Ng5 Qe7 11.f4 Ng4 12.Bxg4 fxg4 13.Qxg4 h6 14.Qe6+ Qxe6
15.Nxe6 Rf6 16.Nc5 Nxc5 17.dxc5 Bxc5 18.b4 Bf8 19.Bb2 Re6 20.Kf2 a5
21.Na2 b6 22.Be5 Bb7 23.Rhb1 axb4 24.axb4 Ree8 25.Rb2 Ba6 26.Nc3 Bc4
27.Rxa8 Rxa8 28.e4 Ra3 29.exd5 cxd5 30.Bd4 b5 31.Ne2 Be7 32.Ng1 Ra4
33.Bc3 d4 34.Bd2 Bf6 35.Nf3 Kf7 36.h4 Ke6 37.g4 g6 38.f5+ gxf5 39.g5 hxg5
40.Nxg5+ Kd5 41.Bf4 Ra1 42.Kg3 Rg1+ 43.Rg2 Rxg2+ 44.Kxg2 Be2 45.Bd2 Be7
46.Nh3 Bg4 47.Nf4+ Ke4 48.Ng6 Bd6 49.Bg5 d3 50.Bd2 Bh5 0-1

[Event "?"]
[Site "Bern op"]
[Date "1995.??.??"]
[Round "7"]
[White "Mikhalchishin, Adrian"]
[Black "Gulko, Boris"]
[Result "1/2-1/2"]
[WhiteElo "2500"]
[BlackElo "2595"]

1.Nf3 d6 2.d4 Bg4 3.c4 Bxf3 4.exf3 g6 5.Nc3 Bg7 6.Be3 Nd7 7.Be2 e6
8.Qd2 Ne7 9.g4 h5 10.O-O-O d5 11.cxd5 exd5 12.Rhe1 Nf8 13.Na4 Ne6
14.Nc5 Nxc5 15.dxc5 Qd7 16.Bd4 Bxd4 17.Qxd4 O-O-O 18.Bb5 Qxb5 1/2-1/2

[Event "?"]
[Site "Bern op"]
[Date "1995.??.??"]
[Round "7"]
[White "Pernutz, Hans-Gerhard"]
[Black "Mukhametov, Eldar"]
[Result "0-1"]
[WhiteElo "2265"]
[BlackElo "2515"]

1.e4 c5 2.Nf3 Nc6 3.d4 cxd4 4.Nxd4 Nf6 5.Nc3 d6 6.Be3 e5 7.Nb3 Be7
8.Qd2 O-O 9.f4 a5 10.a4 Ng4 11.Bg1 exf4 12.O-O-O Ne3 13.Bxe3 fxe3
14.Qe1 Nb4 15.Kb1 Qb6 16.Nd4 Bg4 17.Be2 Bf6 18.Ncb5 Bd7 19.Nb3 Qc6
20.Rc1 Qxe4 21.Nxd6 Qc6 22.Nb5 Bf5 23.Nxa5 Bxc2+ 24.Ka1 Rxa5 25.Qxb4 Rfa8
26.Rxc2 Qxc2 0-1

[Event "?"]
[Site "Bern op"]
[Date "1995.??.??"]
[Round "7"]
[White "Raetsky, Aleksander"]
[Black "Miezis, Normunds"]
[Result "1-0"]
[WhiteElo "2510"]
[BlackElo "2435"]

1.d4 Nf6 2.c4 c5 3.Nf3 cxd4 4.Nxd4 e5 5.Nb5 d5 6.cxd5 Bc5 7.N5c3 O-O
8.h3 e4 9.g4 Re8 10.Bg2 h6 11.Nd2 e3 12.fxe3 Bxe3 13.Nc4 Bc5 14.Bf4 a6
15.a4 Nbd7 16.Bf3 Nh5 17.Bh2 Qh4+ 18.Kd2 Ng3 19.Rg1 Nf5 20.Ne4 Qxh3
21.Bc7 Rxe4 22.Bxe4 Ne3 23.Qb3 Nf1+ 24.Kc2 Qxb3+ 25.Kxb3 Bxg1
26.Rxf1 Nc5+ 27.Ka3 Nxe4 28.Rxg1 b5 29.Nb6 Ra7 30.d6 Be6 31.a5 Nf6
32.g5 hxg5 33.Rxg5 Nd7 34.Kb4 f6 35.Rg3 Kf7 36.Re3 Rb7 37.Nxd7 Bxd7
38.Re7+ Kf8 39.Rxd7 f5 40.Rxg7 1-0

[Event "?"]
[Site "Bern op"]
[Date "1995.??.??"]
[Round "7"]
[White "Savchenko, Stanislav"]
[Black "Arbakov, Valentin"]
[Result "1-0"]
[WhiteElo "2585"]
[BlackElo "2500"]

1.d4 g6 2.c4 Bg7 3.Nc3 d6 4.e4 e5 5.dxe5 Bxe5 6.Nf3 Bg7 7.Bg5 Bxc3+
8.bxc3 f6 9.Be3 Qe7 10.Nd2 Nd7 11.Be2 Nc5 12.O-O Bd7 13.Re1 O-O-O
14.Nb3 Ba4 15.Qc1 Bxb3 16.Bxc5 dxc5 17.axb3 a6 18.b4 cxb4 19.cxb4 Qxb4
20.c5 Ne7 21.Rb1 Qa4 22.Qb2 Qc6 23.e5 fxe5 24.Bg4+ Kb8 25.Rxe5 Nf5
26.Bf3 Qb5 27.Qa1 Qd3 28.Bxb7 Ka7 29.Be4 1-0

[Event "?"]
[Site "Bern op"]
[Date "1995.??.??"]
[Round "7"]
[White "Schulze, Ulrich"]
[Black "Hamzabegovic, Mersudi"]
[Result "1/2-1/2"]
[WhiteElo "2400"]
[BlackElo "2065"]

1.Nf3 Nf6 2.g3 d5 3.Bg2 c6 4.c4 e6 5.O-O Nbd7 6.d4 Bd6 7.Qc2 O-O 8.Nbd2 a6
9.Rd1 b6 10.e4 Be7 11.Ne5 Bb7 12.cxd5 cxd5 13.Nc6 Bxc6 14.Qxc6 Qc8
15.Qxc8 Rfxc8 16.e5 Ne8 17.Nf1 g6 18.Bd2 b5 19.Rac1 Nb6 20.Rxc8 Rxc8
21.Rc1 Rc4 22.b3 Rxc1 23.Bxc1 h5 24.f4 Ng7 25.Ne3 Kf8 26.Kf2 Nc8
27.h3 Na7 28.g4 Nc6 29.Nc2 hxg4 30.hxg4 Ne8 31.f5 gxf5 32.gxf5 Nb4
33.Nxb4 Bxb4 34.f6 Nc7 35.Bf1 Kg8 36.a4 Kf8 37.Bd3 Ke8 38.Ke3 Bf8
39.Kf3 Bb4 40.Kf4 Bc3 41.Ke3 Bb4 42.Bb2 Kf8 43.Ke2 Kg8 44.Kd1 Bf8
45.Bc3 b4 46.Bd2 Kh8 1/2-1/2

[Event "?"]
[Site "Bern op"]
[Date "1995.??.??"]
[Round "7"]
[White "Suba, Mihai"]
[Black "Cvitan, Ognjen"]
[Result "0-1"]
[WhiteElo "2475"]
[BlackElo "2520"]

1.c4 g6 2.d4 Nf6 3.Nc3 Bg7 4.e4 d6 5.h3 O-O 6.Bd3 e5 7.d5 a5 8.Nge2 Na6
9.Be3 Nd7 10.O-O c6 11.a3 f5 12.exf5 gxf5 13.f4 e4 14.Bc2 c5 15.Ba4 Nf6
16.Ra2 Kh8 17.b3 Rg8 18.Qe1 Nh5 19.Bc1 Bd7 20.Bb2 Nc7 21.Ba1 Rb8
22.Bxd7 Qxd7 23.Qh4 Qf7 24.a4 Na6 25.Kh2 Nb4 26.Rd2 e3 27.Rdd1 Nc2
28.g4 Nxa1 29.Rxa1 fxg4 30.hxg4 Bxc3 31.Nxc3 Qg7 32.Qxh5 Qxc3 33.g5 Qd2+
34.Kg3 e2 35.Rh1 Rg7 36.Rae1 Rf8 37.Qf3 Re7 38.Qg2 Re3+ 39.Kf2 Rxf4+ 0-1

[Event "?"]
[Site "Bern op"]
[Date "1995.??.??"]
[Round "7"]
[White "Suetin, Alexey"]
[Black "Blatny, Pavel"]
[Result "1/2-1/2"]
[WhiteElo "2430"]
[BlackElo "2485"]

1.e4 e5 2.Nf3 Nc6 3.Bb5 a6 4.Ba4 Nf6 5.O-O Be7 6.Re1 b5 7.Bb3 O-O 8.a3 Bb7
9.d3 d6 10.Nbd2 Nd7 11.Nf1 Nd4 12.Ba2 Nxf3+ 13.Qxf3 Bg5 14.Ne3 g6
15.Qg4 h5 16.Qg3 Kh7 17.Nd5 Bxc1 18.Raxc1 c6 19.Nc3 Qf6 20.Kf1 Qf4
21.Ne2 Qxg3 22.hxg3 f5 23.exf5 gxf5 24.d4 Rae8 25.dxe5 Rxe5 26.Nf4 Kh6
27.f3 d5 28.Kf2 Rfe8 29.Rcd1 Bc8 30.Rxe5 Rxe5 31.b4 Nf6 32.Bb3 Kg5
33.Nd3 Re7 34.a4 h4 35.gxh4+ Kxh4 36.g3+ Kg5 37.Rh1 Kg6 38.Nf4+ Kg5
39.c3 Rc7 40.Nd3 Re7 41.Bc2 Ne8 42.Re1 Kf6 43.Rxe7 Kxe7 44.Ke3 bxa4
45.Bxa4 Kd6 46.Kd4 Nc7 47.Nf4 Bd7 48.Ke3 Bc8 49.Kd4 Be6 50.Nd3 Bd7
51.Nc5 Bc8 52.g4 fxg4 53.fxg4 Bxg4 54.Nb7+ Kd7 55.Kc5 Ne6+ 56.Kb6 d4
57.Bxc6+ Ke7 58.cxd4 Nxd4 59.Be4 Be2 60.Nc5 Kd6 61.Nxa6 Bxa6 62.Kxa6 Kc7
63.b5 Nxb5 1/2-1/2

[Event "?"]
[Site "Bern op"]
[Date "1995.??.??"]
[Round "7"]
[White "Wahls, Matthias"]
[Black "Summermatter, Daniel"]
[Result "1/2-1/2"]
[WhiteElo "2555"]
[BlackElo "2345"]

1.e4 c5 2.Nf3 d6 3.d4 cxd4 4.Nxd4 Nf6 5.Nc3 a6 6.f4 Qc7 7.Qf3 g6 8.Be3 Bg7
9.h3 Nbd7 10.O-O-O O-O 11.g4 e5 12.Nf5 gxf5 13.exf5 b5 14.Bg2 b4
15.Qxa8 bxc3 16.g5 Nc5 17.gxf6 Qb6 18.bxc3 Bh6 19.Qc6 Qa5 20.Rxd6 Bxf5
21.Bd5 Qa3+ 22.Kd1 Ne4 23.Rg1+ Kh8 24.Bxe4 Bxe4 25.Qxe4 Qxd6+ 26.Qd3 Qc6
27.Rf1 e4 28.Qd4 Qb5 29.Rg1 Qb1+ 30.Kd2 Qxa2 31.Qe5 Rd8+ 32.Bd4 Qc4
33.Re1 Rg8 34.Re2 a5 35.Bc5 Rd8+ 36.Bd4 Rg8 37.Bc5 Rd8+ 38.Bd4 Rg8 1/2-1/2

[Event "?"]
[Site "Bern op"]
[Date "1995.??.??"]
[Round "7"]
[White "Ziger, Silvio"]
[Black "Ekstroem, Roland"]
[Result "0-1"]
[WhiteElo "2250"]
[BlackElo "2430"]

1.d4 d5 2.Nf3 Nf6 3.Bg5 Ne4 4.Bh4 Qd6 5.Bg3 Qb4+ 6.Nbd2 Qxb2 7.Rb1 Qxa2
8.Nxe4 dxe4 9.Nd2 e3 10.fxe3 Qa5 11.e4 e6 12.Kf2 Bd6 13.e3 O-O
14.Nc4 Bxg3+ 15.hxg3 Qg5 16.Ne5 Nd7 17.Nf3 Qe7 18.e5 f5 19.Bd3 h6
20.Qd2 b6 21.e4 fxe4 22.Bxe4 Rb8 23.g4 Bb7 24.Bxb7 Rxb7 25.g5 Qxg5
26.Qxg5 hxg5 27.Kg3 c5 28.c3 Rf5 29.Kg4 cxd4 30.cxd4 Rf4+ 31.Kg3 Nf8
32.Rbc1 Rf5 33.Kg4 Nh7 34.Rc8+ Rf8 35.Rxf8+ Nxf8 36.Nxg5 Rd7 37.Rc1 0-1

[Event "?"]
[Site "Bern op"]
[Date "1995.??.??"]
[Round "8"]
[White "Blatny, Pavel"]
[Black "Gonzalez, Jorge A."]
[Result "1-0"]
[WhiteElo "2485"]
[BlackElo "2370"]

1.e4 e6 2.d4 d5 3.e5 c5 4.c3 b6 5.Nf3 Qd7 6.h4 Ba6 7.Bxa6 Nxa6 8.Qe2 Nc7
9.h5 Nh6 10.Bg5 Nf5 11.g4 Ne7 12.h6 gxh6 13.Bxh6 Bxh6 14.Rxh6 O-O-O
15.Nbd2 Rdg8 16.Nh4 Ng6 17.Qe3 cxd4 18.cxd4 Nxh4 19.Rxh4 h5 20.g5 Ne8
21.Nf1 Qe7 22.f4 Ng7 23.Ng3 Kb7 24.O-O-O Rc8+ 25.Kb1 Rc4 26.Rc1 Rhc8
27.Rxc4 Rxc4 28.Qd2 Qc7 29.Rh1 Qc6 30.Ne2 Qc8 31.Qd3 Qh8 32.g6 Nf5
33.gxf7 h4 34.Qa3 Rc8 35.Qa4 Rc6 36.Rc1 Rxc1+ 37.Kxc1 Qc8+ 38.Kd2 Ne7
39.Qe8 Ng6 40.f5 exf5 41.e6 1-0

[Event "?"]
[Site "Bern op"]
[Date "1995.??.??"]
[Round "8"]
[White "Blauert, Juerg"]
[Black "Mahmuti, M"]
[Result "1/2-1/2"]
[WhiteElo "2390"]
[BlackElo "2045"]

1.e4 e5 2.Nf3 Nc6 3.d4 exd4 4.Bc4 h6 5.O-O d6 6.Nxd4 Nxd4 7.Qxd4 Be6
8.Nc3 c6 9.Bf4 Qf6 10.e5 dxe5 11.Bxe5 Qd8 12.Qf4 Qg5 13.Qxg5 hxg5
14.Bxe6 fxe6 15.Ne4 g4 16.Rfe1 O-O-O 17.Ng5 Re8 18.Bd4 Rh6 19.Bxa7 Bd6
20.g3 Bc7 21.Bd4 e5 22.Re2 Rh5 23.f4 Nf6 24.Bxe5 Bxe5 25.fxe5 Rxg5
26.exf6 Rxe2 27.f7 Rf5 28.Rf1 Rxf7 29.Rxf7 Rxc2 30.b4 c5 31.Rxg7 cxb4
32.Rxg4 Rxa2 33.Rxb4 Kc7 34.h4 Kc6 35.h5 b5 36.h6 Kc5 37.Rh4 Ra8
38.Kf2 b4 39.g4 b3 40.Rh1 Kd5 41.Kg3 Ke5 42.Rf1 Ke6 43.Rf2 Rb8 44.h7 Rh8
45.Rb2 Rxh7 46.Rxb3 Kf6 47.Kf4 Ra7 48.g5+ Kg6 49.Rb6+ Kg7 50.Kf5 Rc7 1/2-1/2

[Event "?"]
[Site "Bern op"]
[Date "1995.??.??"]
[Round "8"]
[White "Born, Bernd-Ludger"]
[Black "Kaenel, Hansjuerg"]
[Result "0-1"]
[WhiteElo "2190"]
[BlackElo "2375"]

1.c4 e6 2.Nc3 d5 3.cxd5 exd5 4.d4 f5 5.Nf3 Nf6 6.Bg5 Be7 7.e3 c6 8.Bd3 Ne4
9.Bxe7 Qxe7 10.O-O O-O 11.Ne5 Nd7 12.f4 Ndf6 13.Nxe4 dxe4 14.Bc4+ Be6
15.Rc1 Bd5 16.Rf2 Rad8 17.Rfc2 Qb4 18.a3 Qa5 19.h3 Bxc4 20.Rxc4 Nd5
21.Qe1 Qb6 22.b4 Qa6 23.b5 cxb5 24.Rc5 b6 25.Rc7 Rc8 26.Rd7 Nf6
27.Rcc7 Rxc7 28.Rxc7 Qxa3 29.Kh1 Nd5 30.Rd7 Qxe3 31.Qh4 Qc1+ 32.Kh2 Qxf4+
33.Qxf4 Nxf4 34.Rxa7 e3 35.Nf3 Re8 36.Ra1 b4 37.Re1 Re4 38.d5 Nxd5 0-1

[Event "?"]
[Site "Bern op"]
[Date "1995.??.??"]
[Round "8"]
[White "Cvitan, Ognjen"]
[Black "Chernin, Alexander"]
[Result "1/2-1/2"]
[WhiteElo "2520"]
[BlackElo "2600"]

1.d4 d5 2.c4 c6 3.Nc3 Nf6 4.Nf3 e6 5.Bg5 h6 6.Bxf6 Qxf6 7.e3 Nd7 8.a3 g6
9.e4 dxe4 10.Nxe4 Qf4 11.Bd3 Bg7 12.O-O O-O 13.Re1 c5 14.Nxc5 Nxc5
15.dxc5 Bxb2 16.Rb1 Bc3 17.Qc1 Qxc1 18.Rexc1 Bf6 19.Be4 a6 20.g3 Ra7
21.Nd2 1/2-1/2

[Event "?"]
[Site "Bern op"]
[Date "1995.??.??"]
[Round "8"]
[White "Dobosz, Henryk"]
[Black "Mikhalchishin, Adrian"]
[Result "1/2-1/2"]
[WhiteElo "2420"]
[BlackElo "2500"]

1.d4 Nf6 2.c4 g6 3.f3 d5 4.cxd5 Nxd5 5.e4 Nb6 6.Nc3 Bg7 7.Be3 O-O
8.Qd2 Nc6 9.O-O-O a5 10.Nb5 Bd7 11.Kb1 Nb4 12.h4 Bxb5 13.Bxb5 Qd6
14.Ne2 c6 15.Bd3 Rfd8 16.a3 Nxd3 17.Qxd3 Na4 18.Qb3 b5 19.Bf4 1/2-1/2

[Event "?"]
[Site "Bern op"]
[Date "1995.??.??"]
[Round "8"]
[White "Ekstroem, Roland"]
[Black "Mukhametov, Eldar"]
[Result "1/2-1/2"]
[WhiteElo "2430"]
[BlackElo "2515"]

1.d4 d5 2.c4 c6 3.Nf3 Nf6 4.Nc3 e6 5.cxd5 exd5 6.Qc2 g6 7.Bg5 Be7 8.e3 Bf5
9.Bd3 Bxd3 10.Qxd3 O-O 11.O-O Nbd7 12.h3 Re8 13.Bf4 Nb6 14.Ne5 Nfd7
15.b3 Nxe5 16.Bxe5 Bd6 17.f4 f6 18.Bxd6 Qxd6 19.f5 g5 20.e4 Re7
21.Rae1 Rae8 22.Re2 Nd7 23.Rfe1 Kf8 24.exd5 Rxe2 25.Rxe2 Rxe2
26.Qxe2 cxd5 27.Qb5 Qc6 28.Qd3 Nb6 29.Kf2 Nc8 30.Qf3 Ne7 31.g4 b5
32.Qe3 h5 33.Qd3 b4 34.Na4 Qc1 35.Qe3 Qc2+ 36.Qe2 Qc1 37.Nc5 Ke8
38.Ne6 h4 39.Qb5+ Kf7 40.Nd8+ Kf8 41.Ne6+ Kf7 42.Nd8+ Kf8 43.Ne6+ 1/2-1/2

[Event "?"]
[Site "Bern op"]
[Date "1995.??.??"]
[Round "8"]
[White "Gulko, Boris"]
[Black "Gheorghiu, Florin"]
[Result "1/2-1/2"]
[WhiteElo "2595"]
[BlackElo "2475"]

1.d4 Nf6 2.Nf3 c5 3.d5 g6 4.Nc3 Bg7 5.e4 O-O 6.Be2 d6 7.O-O Na6 8.Bf4 Nc7
9.a4 b6 10.h3 Bb7 11.Bc4 Qd7 12.Re1 Rad8 13.Qd3 e6 14.a5 exd5
15.exd5 Rfe8 16.Rxe8+ Nfxe8 17.axb6 1/2-1/2

[Event "?"]
[Site "Bern op"]
[Date "1995.??.??"]
[Round "8"]
[White "Ilijin, Neboisa"]
[Black "Ellers, Holger"]
[Result "1-0"]
[WhiteElo "2280"]
[BlackElo "2355"]

1.e4 c6 2.d4 d5 3.exd5 cxd5 4.c4 Nf6 5.Nc3 e6 6.Nf3 Bb4 7.cxd5 exd5
8.Bb5+ Bd7 9.Be2 O-O 10.O-O Bxc3 11.bxc3 Ne4 12.Bb2 Nc6 13.c4 Be6
14.Bd3 Ng5 15.Nd2 dxc4 16.Nxc4 Nb4 17.Ne3 Bd5 18.Nxd5 Nxd3 19.Ba3 Re8
20.Ne7+ Rxe7 21.Bxe7 Qxe7 22.Qxd3 Rd8 23.Rfe1 Qf6 24.Rad1 h5 25.d5 Ne6
26.Qb5 Nd4 27.Re8+ Rxe8 28.Qxe8+ Kh7 29.Qe4+ Nf5 30.d6 1-0

[Event "?"]
[Site "Bern op"]
[Date "1995.??.??"]
[Round "8"]
[White "Jung, Thomas"]
[Black "Schulze, Ulrich"]
[Result "0-1"]
[WhiteElo "2075"]
[BlackElo "2400"]

1.e4 Nf6 2.Nc3 d5 3.e5 d4 4.exf6 dxc3 5.fxg7 cxd2+ 6.Qxd2 Qxd2+
7.Bxd2 Bxg7 8.O-O-O Nc6 9.Ne2 Bd7 10.Bc3 Bxc3 11.Nxc3 O-O-O 12.Be2 h5
13.Nd5 Bg4 14.f3 Be6 15.Nf4 Nd4 16.Bd3 Bf5 17.Rde1 e6 18.Bxf5 Nxf5
19.c3 h4 20.Re2 a5 21.Rhe1 b6 22.Rd2 Rxd2 23.Kxd2 Kd7 24.Ke2 Ke7
25.Rd1 Rg8 26.Rd2 a4 27.Kf2 c5 28.Ne2 Nd6 29.b3 axb3 30.axb3 Ra8
31.g3 Ra3 32.Rb2 hxg3+ 33.hxg3 b5 34.g4 e5 35.b4 c4 36.Rc2 Ke6 37.Ng3 Ra1
38.Ke2 Rg1 39.Kf2 Rd1 40.Ke2 Rd3 41.Kf2 e4 42.fxe4 Ke5 43.Ne2 Nxe4+
44.Kg2 Kf6 45.Ra2 Kg5 46.Ra5 Kxg4 47.Ra8 Nxc3 48.Nxc3 Rxc3 49.Rb8 Rc2+
50.Kf1 Kf3 0-1

[Event "?"]
[Site "Bern op"]
[Date "1995.??.??"]
[Round "8"]
[White "Kuzmin, Gennadi"]
[Black "Barsov, Alexej"]
[Result "1/2-1/2"]
[WhiteElo "2545"]
[BlackElo "2445"]

1.e4 e6 2.d4 d5 3.Nc3 Nf6 4.Bg5 dxe4 5.Nxe4 Be7 6.Bxf6 Bxf6 7.Nf3 Nd7
8.c3 O-O 9.Qc2 e5 10.d5 Be7 11.O-O-O f5 12.d6 cxd6 13.Nxd6 Bxd6
14.Rxd6 e4 15.Nd4 Qe7 16.Re6 Qg5+ 17.Qd2 Qxd2+ 18.Kxd2 Nb6 19.Re5 Bd7
20.c4 Kf7 21.b3 a5 22.f4 exf3 23.Nxf3 Rfe8 24.Bd3 Rxe5 25.Nxe5+ Kf6
26.Nxd7+ Nxd7 27.Rf1 g6 28.g4 Ne5 29.gxf5 Rd8 30.fxg6+ Kg7 31.Ke3 Rxd3+
32.Ke4 Rd2 33.Kxe5 hxg6 34.Ke6 Re2+ 35.Kd6 Rxa2 36.Rf3 Rxh2 37.Re3 Rb2
38.Re7+ Kf6 39.Rxb7 g5 40.c5 Rd2+ 41.Kc7 g4 42.Rb8 g3 43.c6 Rd3 1/2-1/2